Význam spoločensky zodpovedného podnikania obchodnej organizácie vo vybranom regióne bakalárska práca

Saved in:
Bibliographic Details
Main Author: Kyseľ, Tomáš
Corporate Author: Obchodná fakulta EU. Katedra marketingu
Other Authors: Orgonáš, Jozef, 1957-
Format: Book
Language:Slovak
Published: Bratislava 2023
Tags: Add Tag
No Tags, Be the first to tag this record!

MARC

LEADER 00000nbm a2200000 4500
001 0294900
005 20231211140503.4
041 0 |a slo 
044 |a SK 
245 1 0 |a Význam spoločensky zodpovedného podnikania obchodnej organizácie vo vybranom regióne  |b bakalárska práca  |c Tomáš Kyseľ ; školiteľ: Jozef Orgonáš 
264 1 |a Bratislava  |c 2023 
300 |a 44 s. 
100 1 |a Kyseľ, Tomáš 
700 1 |a Orgonáš, Jozef, 1957- 
710 2 |a Obchodná fakulta EU. Katedra marketingu